Egyptian palaces and villas, 1808-1960

محفوظ في:

المؤلف الرئيسي: Shirley Johnston

مؤلفون آخرون: Sharīf Sunbul; American University in Cairo Press.

التنسيق: كتاب

اللغة: Undetermined

منشور في: Cairo  The American University in Cairo Press, 2006. 2006

الموضوعات:

الوسوم: إضافة وسم

لا توجد وسوم, كن أول من يضع وسما على هذه التسجيلة!

رقم الطلب: (F)NA1581 .J64

LEADER 00947nam a2200205Ia 4500
008 220904s9999||||xx |||||||||||||| ||und||
020 |a  9774249968 
050 |a (F)NA1581 .J64 
100 1 |a  Shirley Johnston 
245 1 0 |a Egyptian palaces and villas, 1808-1960  |c Shirley Johnston, Sharīf Sunbul; American University in Cairo Press. 
264 1 |a Cairo  |b  The American University in Cairo Press, 2006.  |c 2006 
300 |a 207p.  |b  [1] s. : il. kolor.  |c 32cm. 
504 |a Zawiera gł. il. 
650 4 |a  Architektura mieszkalna -- Egipt -- 19 w. -- wydawnictwa ilustrowane 
650 4 |a  Architektura mieszkalna -- Egipt -- 20 w. -- wydawnictwa ilustrowane. 
650 4 |a Pałace -- Egipt -- wydawnictwa ilustrowane. 
700 1 |a  Sharīf Sunbul; American University in Cairo Press. 
942 |2 lcc  |c BK 
952 |0 0  |1 0  |2 lcc  |4 0  |7 1  |9 42777  |a ARCE  |b ARCE  |d 2022-09-04  |l 0  |o (F)NA1581 .J64  |p 1024050  |r 2022-09-04 00:00:00  |w 2022-09-04  |y BK 
999 |c 49450  |d 49450